South Eastern Kenya University

Library Online Public Access Catalogue


Day by day / (Record no. 8114)

MARC details
000 -LEADER
fixed length control field 00342cam a2200133 i 4500
020 ## - ISBN
International Standard Book Number 0374135258
050 0# - LIBRARY OF CONGRESS CALL NUMBER
Classification Number PS3523.O89
Item Number D39 1977
100 1# - MAIN ENTRY--Author
Personal name Lowell, Robert,
Dates associated with a name 1917-1977.
245 10 - TITLE
Title Day by day /
Statement of responsibility, etc Robert Lowell.
260 ## - PUBLICATION, DISTRIBUTION, ETC.(IMPRINT)
Place of publication, distribution, etc New York :
Name of publisher, distributor, etc Farrar, Straus and Giroux,
Date of publication, distribution, etc c1977.
300 ## - PHYSICAL DESCRIPTION
Extent 137 p. ;
500 ## - GENERALNOTE
General note Poems.
942 ## - ADDED ENTRY ELEMENTS(KOHA)
Source of classification or shelving scheme Library of Congress Classification
Koha item type General circulation
Holdings
Source of classification or shelving scheme Not for loan Location (home branch) Sublocation (holding branch) Shelving location Date accessioned Full call number Barcode Koha item type Public note Nonpublic note
Library of Congress Classification   Main Campus Library Main Campus Library   03/08/2015 PS3523.O89 D39 1977 2015/006710 General circulation amm  
Library of Congress Classification   Wote Campus Library Wote Campus Library   04/09/2015 PS3523.O89 D39 1977 2015/007511 General circulation   jm
Kitui, Kenya.
+254736116989
library@seku.ac.ke